| 000 | 00755nam a2200241 a 4500 | ||
|---|---|---|---|
| 001 | 7114 | ||
| 003 | BD-RjUL | ||
| 005 | 20211208234351.0 | ||
| 008 | 160922s1967 njua 001 0 eng | ||
| 035 | _a(BD-RjUL)7156 | ||
| 040 |
_aDLC _cDLC _dDLC _dBD-RjUL _beng |
||
| 041 | _aeng | ||
| 082 | 0 | 0 |
_a515.353 _bSMI 1967 _223 |
| 100 | 1 |
_aSmith, M. G. _q(Michael Gambier) _922276 |
|
| 245 | 1 | 0 |
_aIntroduction to the theory of partial differential equations / _cM. G. Smith. |
| 260 |
_aLondon ; _aPrinceton, N.J. : _bVan Nostrand , _cc1967 |
||
| 300 |
_ax, 214 p. : _bill. ; _c23 cm. |
||
| 490 | 0 | _aThe New University mathematics series | |
| 500 | _aIncludes index. | ||
| 650 | 0 |
_aDifferential equations, Partial. _922277 |
|
| 942 |
_2ddc _cBK |
||
| 999 |
_c7114 _d7114 |
||